MARC

LEADER 00000nam2a2200000 4500
001 341195
005 20231102005323.0
035 |a (RuTPU)RU\TPU\book\368692 
035 |a RU\TPU\book\368191 
090 |a 341195 
100 |a 20180704d2018 k y0rusy50 ca 
101 0 |a rus  |a eng 
102 |a RU 
105 |a a z 001zy 
200 0 |a № 1 (91) 
210 |d 2018 
215 |a 121 с.  |c ил. 
320 |a Библиография в конце статей 
461 1 |0 (RuTPU)RU\TPU\book\1884  |t Сборник научных трудов НГТУ  |f Новосибирский государственный технический университет (НГТУ)  |v № 1 (91)  |d 1995-  
606 1 |a Автоматика  |2 stltpush  |3 (RuTPU)RU\TPU\subj\749  |9 29560 
610 1 |a автоматическое управление 
610 1 |a идентификация 
610 1 |a информационные технологии 
610 1 |a информация 
610 1 |a обработка информации 
610 1 |a одноканальные передаточные функции 
610 1 |a матрица Сильвестра 
610 1 |a синтез 
610 1 |a зашумленные периодические сигналы 
610 1 |a динамические объекты второго порядка 
610 1 |a параметры 
610 1 |a нейронные сети 
610 1 |a обратные маятники 
610 1 |a управление 
610 1 |a высшее образование 
610 1 |a получение 
610 1 |a научные исследования 
610 1 |a формирование 
675 |a 681.51  |v 4 
801 1 |a RU  |b 63413507  |c 20171128 
801 2 |a RU  |b 63413507  |c 20231009  |g RCR 
942 |c BK